[Event "Aragon-chT"]
[Site "Aragon"]
[Date "2003.03.15"]
[Round "8"]
[White "Luis Vitalla, Fernando Maria"]
[Black "Hinojar Basa, Alfonso"]
[Result "1/2-1/2"]
[WhiteElo "2159"]
[BlackElo "2122"]
[PlyCount "66"]
[EventDate "2003.02.??"]
[EventType "team"]
[EventRounds "9"]
[EventCountry "ESP"]
[SourceTitle "EXT 2004"]
[Source "ChessBase"]
[SourceDate "2003.11.25"]
[SourceVersion "1"]
[SourceVersionDate "2003.11.25"]
[SourceQuality "1"]

1. d4 Nf6 2. Nf3 g6 3. c4 Bg7 4. Nc3 0-0 5. e4 d6 6. Be2 e5 7. d5 a5 8. Bg5 h6 9. Bh4 Na6 10. Nd2 Qe8 11. Nb5 Bd7 12. a3 g5 13. Bg3 Bxb5 14. cxb5 Nc5 15. Qc2 c6 16. bxc6 bxc6 17. 0-0 a4 18. dxc6 Qxc6 19. f3 Nh5 20. Bf2 Nf4 21. Bc4 Nce6 22. Rac1 Rfc8 23. Qb1 Qd7 24. Rfd1 Nd4 25. Bxd4 exd4 26. g3 d5 27. gxf4 dxc4 28. Nxc4 Qh3 29. fxg5 Rc5 30. f4 Qg4+ 31. Kh1 Qf3+ 32. Kg1 Qg4+ 33. Kh1 Qf3+ 1/2-1/2

[Event "Aragon-chT"]
[Site "Aragon"]
[Date "2003.03.08"]
[Round "7"]
[White "Luis Vitalla, Fernando Maria"]
[Black "Hefty Hilardo, Jorge Walter"]
[Result "1/2-1/2"]
[WhiteElo "2159"]
[BlackElo "2247"]
[PlyCount "132"]
[EventDate "2003.02.??"]
[EventType "team"]
[EventRounds "9"]
[EventCountry "ESP"]
[SourceTitle "EXT 2004"]
[Source "ChessBase"]
[SourceDate "2003.11.25"]
[SourceVersion "1"]
[SourceVersionDate "2003.11.25"]
[SourceQuality "1"]

1. d4 Nf6 2. Nf3 e6 3. c4 d5 4. Nc3 Be7 5. Bg5 0-0 6. cxd5 exd5 7. Qc2 c6 8. e3 Nbd7 9. Bd3 Re8 10. 0-0 Nf8 11. h3 Be6 12. Rfc1 Rc8 13. Na4 Rc7 14. Rab1 h6 15. Bf4 Bd6 16. Be5 a6 17. b4 Ne4 18. Nc5 Bxe5 19. Nxe5 Nd6 20. a4 Bc8 21. Nb3 f6 22. Nf3 b5 23. axb5 axb5 24. Ra1 Nc4 25. Ra8 Qe7 26. Nc5 g5 27. Rca1 Kg7 28. Qa2 Nd7 29. Ra7 Nxc5 30. dxc5 Ne5 31. Be2 Nxf3+ 32. Bxf3 Bf5 33. Rxc7 Qxc7 34. Qa7 Re7 35. Qxc7 Rxc7 36. Kf1 Kf7 37. Ke2 Ke6 38. Bg4 Bxg4+ 39. hxg4 Ke5 40. Ra8 Re7 41. Rc8 Re6 42. Rf8 d4 43. Kd3 dxe3 44. Kxe3 Re7 45. Ra8 f5 46. gxf5 Kxf5+ 47. Kd3 Rf7 48. Rh8 Rf6 49. Ke3 Kg4 50. Re8 h5 51. Re4+ Kf5 52. f4 Kg4 53. fxg5+ Kxg5 54. g3 Rg6 55. Kf3 Rf6+ 56. Ke3 Rf1 57. Ke2 Rb1 58. Kf3 Rb3+ 59. Kg2 Kf5 60. Rh4 Ke6 61. Kf2 Rb2+ 62. Ke3 Kf6 63. Kf3 Kg5 64. Ke3 Rc2 65. Rd4 Rc3+ 66. Kf2 Rb3 1/2-1/2

[Event "Aragon op"]
[Site "Aragon"]
[Date "2002.??.??"]
[Round "8"]
[White "Fuertes Garay, Javier"]
[Black "Luis Vitalla, Fernando Maria"]
[Result "1-0"]
[WhiteElo "2117"]
[BlackElo "2159"]
[PlyCount "51"]
[EventDate "2002.??.??"]
[EventType "swiss"]
[EventRounds "9"]
[EventCountry "ESP"]
[SourceTitle "EXT 2007"]
[Source "ChessBase"]
[SourceDate "2006.11.23"]
[SourceVersion "1"]
[SourceVersionDate "2006.11.23"]
[SourceQuality "1"]

1. e4 e5 2. Nf3 Nc6 3. Bb5 a6 4. Ba4 d6 5. Bxc6+ bxc6 6. d4 f6 7. Qd3 Be6 8. 0-0 Ne7 9. dxe5 dxe5 10. Qc3 Qd6 11. Be3 Ng6 12. Nbd2 Be7 13. Nc4 Qb4 14. Qxb4 Bxb4 15. Nfd2 Kf7 16. c3 Bd6 17. Na5 Ne7 18. Rfd1 Rab8 19. Ndc4 Rhd8 20. Rd2 Bg4 21. f3 Bh5 22. Rad1 Ke6 23. Ba7 Ra8 24. Nb7 Rd7 25. Bc5 Bxc5+ 26. Nxc5+ 1-0